| 000 | 00548nam a2200217 a 4500 | ||
|---|---|---|---|
| 001 | 2982 | ||
| 003 | CO-ViMGA | ||
| 008 | 141112s2004 ck r 000 u spa d | ||
| 040 |
_aCO-ViMGA _bspa _cCO-ViMGA |
||
| 082 | 0 | 4 | _a736.98 B154 |
| 100 | 1 |
_aBank - Jensen, Thea _952226 |
|
| 245 | 1 | 0 | _aJugando con papel |
| 250 | _a4a | ||
| 260 |
_aBarcelona : _bCeac, _c1981 |
||
| 300 | _a48 p : il | ||
| 490 | _aCómo hacerlo, 11 | ||
| 650 | 1 | 4 |
_aORIGAMI _95053 |
| 650 | 1 | 4 |
_aPLEGADOS EN PAPEL _952227 |
| 650 | 1 | 4 |
_aTRABAJOS MANUALES _94194 |
| 942 |
_2ddc _cBK |
||
| 999 |
_c15045 _d15045 |
||